000
00313nam a22001457a 4500
008
210224b ||||| |||| 00| 0 eng d
020
_a
9781121903975
041
_a
eng
080
_2
5th
_a
004
082
_a
004
100
_a
28
101
_a
SHKI
245
_a
SPSS Survival Manual
_c
Pallant
942
_2
udc
_c
BK
999
_c
55161
_d
55161